| 000 | 00000nam 2200000zi 4500 |
| 001 | 9.938482 |
| 003 | CaOODSP |
| 005 | 20250123145440 |
| 006 | m o d f |
| 007 | cr |n||||||||| |
| 008 | 240522e19760630onc o f000 0|eng d |
| 040 | |aCaOODSP|beng|erda|cCaOODSP |
| 086 | 1 |aId46-33/1976E-PDF |
| 245 | 00|aAd Hoc Textile and Clothing Advisory Committee report to the Minister of Industry, Trade and Commerce. |
| 246 | 34|aReport to the Minister of Industry, Trade and Commerce |
| 264 | 1|a[Ottawa] : |bDepartment of Industry, Trade and Commerce, |cJune 30, 1976. |
| 300 | |a1 online resource (6 pages, 1 unnumbered page) |
| 336 | |atext|btxt|2rdacontent |
| 337 | |acomputer|bc|2rdamedia |
| 338 | |aonline resource|bcr|2rdacarrier |
| 500 | |aDigitized edition from print [produced by Innovation, Science and Economic Development Canada]. |
| 500 | |aIssued also in French under title: Comité consultatif ad hoc concernant le textile et le vêtement : rapport au Ministre de l'industrie et du commerce. |
| 500 | |aCaption title. |
| 650 | 0|aTextile industry|zCanada. |
| 650 | 0|aClothing trade|zCanada. |
| 710 | 1 |aCanada. |bDepartment of Industry, Trade and Commerce, |eissuing body. |
| 775 | 08|tComité consultatif ad hoc concernant le textile et le vêtement : |w(CaOODSP)9.947322 |
| 856 | 40|qPDF|s420 KB|uhttps://publications.gc.ca/collections/collection_2025/isde-ised/Id46-33-1976-eng.pdf |